Aspects modernes de la physique des solides

Na minha lista:
Detalhes bibliográficos
Autor principal: W Mercouroff
Formato: Livro
Idioma:Undetermined
Publicado em: Paris Masson et Cie 1969
Assuntos:
Tags: Adicionar Tag
Sem tags, seja o primeiro a adicionar uma tag!
Thư viện lưu trữ: Trung tâm Học liệu Trường Đại học Cần Thơ
LEADER 00470nam a2200181Ia 4500
001 CTU_2198
008 210402s9999 xx 000 0 und d
082 |a 530.41 
082 |b M556 
100 |a W Mercouroff 
245 0 |a Aspects modernes de la physique des solides 
245 0 |c W Mercouroff 
260 |a Paris 
260 |b Masson et Cie 
260 |c 1969 
650 |a solids 
904 |i Minh, 960822 
980 |a Trung tâm Học liệu Trường Đại học Cần Thơ